Correspondencia entre Rainer-Maria Rilke y Lou Andreas-Salomé / (Record no. 183090)
[ view plain ]
| 000 -LEADER | |
|---|---|
| campo de control de longitud fija | 01067nam a2200277 i 4500 |
| 001 - NÚMERO DE CONTROL | |
| campo de control | 183090 |
| 003 - IDENTIFICADOR DE NÚMERO DE CONTROL | |
| campo de control | ES-MaACL |
| 005 - FECHA Y HORA DE LA ÚLTIMA TRANSACCIÓN | |
| campo de control | 20260426162626.0 |
| 008 - DATOS DE LONGITUD FIJA--INFORMACIÓN GENERAL | |
| campo de control de longitud fija | 140115s1981 sp | ||||0||spa d |
| 020 ## - NÚMERO INTERNACIONAL ESTÁNDAR DEL LIBRO | |
| Número Internacional Estándar del Libro | 84-85354-41-9 |
| 080 ## - NÚMERO DE LA CLASIFICACIÓN DECIMAL UNIVERSAL | |
| Número de la Clasificación Decimal Universal | 929 Rilke, Rainer-Maria |
| 080 ## - NÚMERO DE LA CLASIFICACIÓN DECIMAL UNIVERSAL | |
| Número de la Clasificación Decimal Universal | 929 Andreas-Salomé, Lou |
| 080 ## - NÚMERO DE LA CLASIFICACIÓN DECIMAL UNIVERSAL | |
| Número de la Clasificación Decimal Universal | 830-6"19" |
| 100 1# - ENTRADA PRINCIPAL--NOMBRE DE PERSONA | |
| Nombre de persona | Rilke, Rainer Maria, |
| Fechas asociadas al nombre | 1875-1926 |
| 9 (RLIN) | 97230 |
| 245 10 - MENCIÓN DEL TÍTULO | |
| Título | Correspondencia entre Rainer-Maria Rilke y Lou Andreas-Salomé / |
| Mención de responsabilidad, etc. | prólogo de Pierre Klossowski ; postfacio de Miguel Morey. |
| 260 ## - PUBLICACIÓN, DISTRIBUCIÓN, ETC. | |
| Lugar de publicación, distribución, etc. | Barcelona : |
| Nombre del editor, distribuidor, etc. | José J. de Olañeta, |
| Fecha de publicación, distribución, etc. | 1981. |
| 300 ## - DESCRIPCIÓN FÍSICA | |
| Extensión | 62 p. : |
| Otras características físicas | il. ; |
| Dimensiones | 22 cm. |
| 490 1# - MENCIÓN DE SERIE | |
| Mención de serie | Pequeña Biblioteca Calamus scriptorius ; |
| Designación de volumen o secuencia | 49 |
| 600 14 - PUNTO DE ACCESO ADICIONAL DE MATERIA--NOMBRE DE PERSONA | |
| Nombre de persona | Rilke, Rainer Maria, |
| Fechas asociadas al nombre | 1875-1926- |
| Subdivisión de forma | Correspondencia |
| 9 (RLIN) | 97231 |
| 700 0# - ENTRADA AGREGADA--NOMBRE PERSONAL | |
| Nombre de persona | Andreas-Salomé, Lou, |
| Fechas asociadas al nombre | 1861-1937 |
| 9 (RLIN) | 21553 |
| 700 0# - ENTRADA AGREGADA--NOMBRE PERSONAL | |
| Nombre de persona | Klossowski, Pierre. |
| 9 (RLIN) | 68294 |
| 700 0# - ENTRADA AGREGADA--NOMBRE PERSONAL | |
| Nombre de persona | Morey, Miguel. |
| 9 (RLIN) | 83498 |
| 830 0# - PUNTO DE ACCESO ADICIONAL DE SERIE-TÍTULO UNIFORME | |
| Título uniforme | Pequeña Biblioteca Calamus scriptorius |
| Designación de volumen o secuencia | 49 |
| 9 (RLIN) | 191869 |
| 852 ## - LOCALIZACIÓN | |
| Ubicación | ES-MaACL |
| Número de control de estantería | L-29907 |
| Nota libre | .- Donat. Miguel A. Velasco |
| Estatus retirado | Estado de pérdida | Estado de daño | No para préstamo | Biblioteca de origen | Biblioteca actual | Ubicación en estantería | Fecha de adquisición | Fuente de adquisición | Total de préstamos | Signatura topográfica completa | Código de barras | Visto por última vez | Precio de reemplazo | Tipo de ítem Koha |
|---|---|---|---|---|---|---|---|---|---|---|---|---|---|---|
| Biblioteca del Ateneo de Madrid | Biblioteca del Ateneo de Madrid | Depósito 2 | 15/01/2014 | L-29907 | 1192429 | 23/02/2023 | 23/02/2023 | Libro impreso |
